| 000 | 00000nam 2200000za 4500 |
| 001 | 9.812270 |
| 003 | CaOODSP |
| 005 | 20221107141301 |
| 007 | cr ||||||||||| |
| 008 | 160302s1978 onc |o f|0| 0 eng d |
| 040 | |aCaOODSP|beng |
| 041 | |aeng|afre |
| 043 | |an-cn--- |
| 086 | 1 |aCS81-568/1978-PDF |
| 245 | 00|aHistorical compendium of education statistics |h[electronic resource] : |bfrom Confederation to 1975 = Recueil de statistiques chronologiques de l'éducation : de la naissance de la Confédération à 1975 / |cpublished by Authority of the Minister of Industry, Trade and Commerce. |
| 246 | 11|aRecueil de statistiques chronologiques de l'éducation : de la naissance de la Confédération à 1975 |
| 260 | |aOttawa : |bStatistics Canada, |c1978. |
| 300 | |a324 p. : |btables. |
| 500 | |aDigitized edition from print [produced by Statistics Canada]. |
| 500 | |a"May 1978." |
| 504 | |aIncludes bibliographic references. |
| 546 | |aText in English and French. |
| 692 | 07|2gccst|aEducation |
| 692 | 07|2gccst|aStatistics |
| 710 | 2 |aStatistics Canada. |
| 792 | |tHistorical compendium of education statistics |efre|w(CaOODSP)9.812275 |
| 856 | 40|qPDF|s73.75 MB|uhttps://publications.gc.ca/collections/collection_2016/statcan/CS81-568-1978.pdf |